Apologize - OneRepublic - All Lyrics - Statistics

General Stats
  • This quiz has been taken 256 times
  • The average score is 168 of 200
Answer Stats
Answer % Correct
I
100%
a
99%
apologize
98%
apologize,
98%
late
98%
late,
98%
late)
98%
to
98%
too
98%
Too
98%
(Too
98%
you
97%
You
97%
you,
97%
it's
96%
It’s
96%
It's
96%
it’s
96%
oh-oh
92%
oh-whoa
92%
Whoa-ooh
92%
your
90%
the
89%
I'm
87%
me
87%
And
86%
and
86%
ground
85%
off
85%
said
85%
say
85%
that
85%
That
85%
But
84%
but
84%
on
84%
go
83%
sorry
82%
Sorry
82%
can't
81%
feet
81%
you're
81%
need
79%
tell
79%
Then
79%
turn
79%
Got
78%
make
78%
just
77%
around,
75%
sound
75%
ten
75%
Didn’t
72%
what
72%
yeah,
71%
yeah
71%
down,
70%
think
70%
holding
68%
like
68%
for
65%
hearing
65%
I'd
65%
wait
63%
blue,
61%
Now
61%
turning
61%
cut
60%
fire
60%
take
58%
rope
55%
loved
54%
afraid
53%
shot
52%
angel
50%
let
48%
was
48%
with
48%
red
47%
needs
46%
another
45%
beat
43%
heart
42%
chance.
40%
nothing
39%
fall,
38%
Heaven
36%
new,
36%
No matching quizzes found
Score Distribution
Percent of People with Each Score
Percentile by Number Answered
Your Score History
You have not taken this quiz